Propiedad sobre la tierra en Colombia

Bibliographic Details
Main Author: Alviar Garca̕, Helena
Other Authors: Alfonso, Tatiana
Format: eBook
Language:Spanish
Published: Bogot:̀ Universidad de Los Andes (Colombia), 2021
Subjects:
Online Access:Acceso restringido

MARC

LEADER 00000nam a22000007a 4500
005 20221101001229.0
007 cr|||| ||||
008 221101s2021 co |||||s|||| 00||0 spa d
020 |a 978-958-798-144-5 
035 |a 37435 
040 |a vLex 
090 |c 14072  |d 14072 
100 1 |a Alviar Garca̕, Helena 
245 1 0 |a Propiedad sobre la tierra en Colombia  |h [Recurso electrn̤ico] /  |c Helena Alviar Garca̕, Tatiana Alfonso 
256 |a Servicio en ln̕ea 
260 |a Bogot:̀  |b Universidad de Los Andes (Colombia),  |c 2021 
300 |a 1 recurso electrn̤ico 
506 1 |a Disponible solo en los productos indicados  |d vLex Global  |d vLex Global (Academic Edition, excluding Law Schools)  |d vLex Global (U.S. Academic Edition, Law Schools)  |d vLex Global (U.S. Academic Edition, excluding Law Schools)  |d vLex Global (Academic Edition, Law Schools) 
650 0 4 |a Derecho Pb︢lico y Administrativo  |z Colombia 
700 1 |a Alfonso, Tatiana 
740 0 |a vLex Libros (Servicio en ln̕ea) 
856 4 0 |u https://app.vlex.com/#/sources/37435  |z Acceso restringido 
942 |c BOOK 
999 0 |a Public and Administrative Law